My little book of riddles. (Record no. 110288)
[ view plain ]
| 000 -LEADER | |
|---|---|
| fixed length control field | 00371nam a2200157 a 4500 |
| 001 - CONTROL NUMBER | |
| control field | 3181 |
| 005 - DATE AND TIME OF LATEST TRANSACTION | |
| control field | 20140414131853.0 |
| 008 - FIXED-LENGTH DATA ELEMENTS--GENERAL INFORMATION | |
| fixed length control field | 060202s19uu xx 00 eng d |
| 020 ## - INTERNATIONAL STANDARD BOOK NUMBER | |
| International Standard Book Number | 971-08-6256-1 |
| 050 ## - LIBRARY OF CONGRESS CALL NUMBER | |
| Classification number | M 398.6 |
| Item number | Ar7 2001 |
| 100 ## - MAIN ENTRY--PERSONAL NAME | |
| Personal name | Artus, A. |
| 245 ## - TITLE STATEMENT | |
| Title | My little book of riddles. |
| 260 ## - PUBLICATION, DISTRIBUTION, ETC. (IMPRINT) | |
| Name of publisher, distributor, etc | Naja Books, |
| Date of publication, distribution, etc | 2001. |
| 300 ## - PHYSICAL DESCRIPTION | |
| Extent | p. ; cm. |
| Withdrawn status | Lost status | Damaged status | Use restrictions | Home library | Current library | Shelving location | Date acquired | Source of acquisition | Total Checkouts | Full call number | Barcode | Date last seen | Price effective from | Koha item type |
|---|---|---|---|---|---|---|---|---|---|---|---|---|---|---|
| Munich Library | Munich Library | Main Section | 02/02/2006 | M 398.6 Ar7 2001 | M0634 | 04/14/2014 | 04/14/2014 | Books |